Catálogo
 En Linea

Entre la poesía y la justicia : (Registro nro. 9053)

Detalles MARC
000 -CABECERA
campo de control de longitud fija 00774nam a2200229 a 4500
001 - NÚMERO DE CONTROL
campo de control 000009292
005 - FECHA Y HORA DE LA ÚLTIMA TRANSACCIÓN
campo de control 20240412074210.0
008 - DATOS DE LONGITUD FIJA--INFORMACIÓN GENERAL
campo de control de longitud fija 090929s1983 dr 000 p spa d
040 ## - FUENTE DE LA CATALOGACIÓN
Centro catalogador/agencia de origen DO-SdBNP
082 ## - NÚMERO DE LA CLASIFICACIÓN DECIMAL DEWEY
Número de clasificación RD861.64
Número de documento/Ítem G993e
049 ## - FONDOS LOCALES (OCLC)
Fondos de biblioteca BNPD
100 1# - ENTRADA PRINCIPAL--NOMBRE DE PERSONA
Nombre de persona Lulo Guzmán, Víctor,
Fechas asociadas al nombre 1916-
9 (RLIN) 24023
245 10 - MENCIÓN DE TÍTULO
Título Entre la poesía y la justicia :
Resto del título mi espacio /
Mención de responsabilidad, etc. Víctor Lulo Guzmán ; prólogo Jóse Ángel Buesa.
260 ## - PUBLICACIÓN, DISTRIBUCIÓN, ETC.
Lugar de publicación, distribución, etc. Santo Domingo :
Nombre del editor, distribuidor, etc. ONAP,
Fecha de publicación, distribución, etc. 1983.
300 ## - DESCRIPCIÓN FÍSICA
Extensión 115 p. ;
Dimensiones 21 cm.
490 1# - MENCIÓN DE SERIE
Mención de serie Literatura ;
Designación de volumen o secuencia no. 1
500 ## - NOTA GENERAL
Nota general Incluye datos biográficos en la solapa de la contracubierta.
650 #0 - PUNTO DE ACCESO ADICIONAL DE MATERIA--TÉRMINO DE MATERIA
Término de materia o nombre geográfico como elemento de entrada Poesía dominicana
9 (RLIN) 66
650 #0 - PUNTO DE ACCESO ADICIONAL DE MATERIA--TÉRMINO DE MATERIA
Término de materia o nombre geográfico como elemento de entrada Literatura dominicana.
9 (RLIN) 67
700 1# - PUNTO DE ACCESO ADICIONAL--NOMBRE DE PERSONA
Nombre de persona Buesa, Jóse Ángel,
Término indicativo de función/relación pról.
9 (RLIN) 21887
830 #0 - PUNTO DE ACCESO ADICIONAL DE SERIE-TÍTULO UNIFORME
Título uniforme Literatura ;
Número de parte o sección de la obra no. 1
9 (RLIN) 24024
Existencias
Estado de retiro Estado de pérdida No para préstamo Código de colección Localización permanente Ubicación/localización actual Ubicación en estantería Fecha de adquisición Número de inventario Total de préstamos Signatura topográfica completa Código de barras Fecha visto por última vez Número de copia Precio válido a partir de Tipo de ítem Koha
      Dominicana de Servicio General General Orden iniciada 03.03.2011 LF1   RD861.64 G993e 9292-80 25.06.2020 e. 4 25.06.2020 Libro y Folleto Colección Dominicana de Servicio
      Dominicana de Servicio General General Orden iniciada 03.03.2011 LF1   RD861.64 G993e 9292-90 25.06.2020 e. 5 25.06.2020 Libro y Folleto Colección Dominicana de Servicio
    Excluido de préstamo Patrimonio Dominicano Patrimonio Dominicano Patrimonio Dominicano En catalogación 07.10.2009 LF1   RD861.64 G993e 9292-20 25.06.2020 e. 2 25.06.2020 Libro y Folleto Colección Patrimonio Dominicano
      Patrimonio Dominicano Patrimonio Dominicano Patrimonio Dominicano Orden iniciada 24.02.2011 LF1   RD861.64 G993e 9292-60 25.06.2020   25.06.2020 Libro y Folleto Colección Patrimonio Dominicano

Con tecnología Koha